| 000 | 00436nam a2200193Ia 4500 | ||
|---|---|---|---|
| 005 | 20240823055823.0 | ||
| 008 | 240823s9999||||xx |||||||||||||| ||und|| | ||
| 020 | _a0-330-23483-8 | ||
| 041 | _aENGLISH | ||
| 082 | _A428.43 L4 | ||
| 100 | _aOwen Webster | ||
| 245 | 0 | _aRead Well and Remember | |
| 250 | _a1st | ||
| 260 |
_c1974 _b"Hutchinson,L" |
||
| 500 | _aYES | ||
| 650 |
_aEnglish _bEnglish |
||
| 942 | _cBK | ||
| 999 |
_c229679 _d229679 |
||